=LDR 00000nam 2200000 4500 =001 INLIS000000000031895 =005 20130612133934 =008 ***********************************ind** =035 ##$$0010-061300000031895 =041 ##$$a ind =082 ##$$a 372.3 =090 ##$$a 372.3, Dha e =100 ##$$a Dharma,Lala herawati =245 ##$$a Ensiklopedi Proyek Festival Sains Dasar 5, Fisika, Lala Herawati Dharma;Editor,Agus Salim,Sudarsini =260 ##$$a 2008 $b Bandung =300 ##$$a 64 hlm, Ilus, 25 cm =650 ##$$a Pendidikan Dasar-Fisika =850 ##$$a NBPNMAT =990 ##$$a 27132713 =990 ##$$a 2100178